[Event "Catarinense-ch"]
[Site "Itajai"]
[Date "2023.11.24"]
[Round "1"]
[White "Bueno, Alfeu Varela Jr"]
[Black "Penna, Flavio R Crautchych"]
[Result "1-0"]
[WhiteElo "2140"]
[BlackElo "1445"]
[PlyCount "75"]
[EventDate "2023.11.24"]
[EventType "swiss"]
[EventRounds "6"]
[EventCountry "BRA"]
[SourceTitle "CB50_2023"]
[SourceDate "2023.12.13"]
[SourceVersion "1"]
[SourceVersionDate "2023.12.13"]
[SourceQuality "1"]

1. e4 c5 2. Nc3 Nc6 3. f4 d6 4. Bb5 a6 5. Bxc6+ bxc6 6. d3 g6 7. Nf3 Bg7 8. Rb1 e6 9. 0-0 Ne7 10. e5 d5 11. Na4 Qa5 12. c4 0-0 13. b3 Rd8 14. Qe1 Qxe1 15. Rxe1 Rb8 16. Ba3 Nf5 17. Bxc5 Bf8 18. g4 Bxc5+ 19. Nxc5 Ne7 20. Kf2 Rb6 21. h3 h6 22. b4 g5 23. fxg5 hxg5 24. Nxg5 dxc4 25. dxc4 Rd4 26. Re4 Rd2+ 27. Re2 Rd4 28. Rc2 a5 29. a3 Ba6 30. Nxa6 Rxa6 31. Ke3 Rd7 32. Ne4 axb4 33. Nf6+ Kg7 34. Nxd7 Rxa3+ 35. Kd4 Rxh3 36. Rxb4 Rg3 37. Nf6 Ra3 38. Rb7 1-0

[Event "Florianopolis op-B 04"]
[Site "Florianopolis"]
[Date "2023.04.30"]
[Round "4"]
[White "Penna, Flavio R Crautchych"]
[Black "Bolzan, Pedro Madeira"]
[Result "1-0"]
[WhiteElo "1764"]
[BlackElo "1285"]
[PlyCount "111"]
[EventDate "2023.04.28"]
[EventType "swiss"]
[EventRounds "6"]
[EventCountry "BRA"]
[SourceTitle "CBM 214 Extra"]
[Source "ChessBase"]
[SourceDate "2023.07.31"]
[SourceVersion "1"]
[SourceVersionDate "2023.07.31"]
[SourceQuality "1"]

1. e4 e5 2. Nf3 Nc6 3. d4 exd4 4. Nxd4 Bc5 5. Nb3 Bb6 6. Nc3 Nf6 7. Bg5 d6 8. Nd5 Be6 9. Nxf6+ gxf6 10. Bh4 a6 11. Qf3 Rg8 12. Bxf6 Qd7 13. h3 Rg6 14. Bd3 Bxb3 15. axb3 Nd4 16. Bxd4 Bxd4 17. c3 Rf6 18. Qg4 Bxf2+ 19. Ke2 Qxg4+ 20. hxg4 h6 21. Raf1 Bh4 22. Rxh4 Rxf1 23. Kxf1 0-0-0 24. Rxh6 d5 25. e5 Re8 26. e6 fxe6 27. Rxe6 Rxe6 28. Bf5 Kd7 29. Kf2 Kd6 30. Bxe6 Kxe6 31. Ke3 Ke5 32. g5 Kf5 33. g6 Kxg6 34. Kd4 c6 35. Kc5 Kf5 36. Kb6 Kf4 37. b4 a5 38. bxa5 Kg3 39. b4 Kxg2 40. Kxb7 c5 41. bxc5 d4 42. cxd4 Kf3 43. a6 Ke3 44. a7 Kxd4 45. a8Q Kxc5 46. Qd8 Kc4 47. Qd6 Kb3 48. Qc5 Kb2 49. Qc4 Ka1 50. Qe2 Kb1 51. Qd2 Ka1 52. Kb6 Kb1 53. Kb5 Ka1 54. Kb4 Kb1 55. Kb3 Ka1 56. Qa2# 1-0

[Event "Florianopolis op-B 04"]
[Site "Florianopolis"]
[Date "2023.04.29"]
[Round "3"]
[White "Mariani, Kim Paul"]
[Black "Penna, Flavio R Crautchych"]
[Result "1-0"]
[WhiteElo "1361"]
[BlackElo "1764"]
[PlyCount "39"]
[EventDate "2023.04.28"]
[EventType "swiss"]
[EventRounds "6"]
[EventCountry "BRA"]
[SourceTitle "CBM 214 Extra"]
[Source "ChessBase"]
[SourceDate "2023.07.31"]
[SourceVersion "1"]
[SourceVersionDate "2023.07.31"]
[SourceQuality "1"]

1. d4 d5 2. c4 c6 3. Nc3 Bf5 4. cxd5 cxd5 5. Qb3 Qd7 6. e4 Bxe4 7. Nxe4 Qe6 8. Qxb7 Qxe4+ 9. Ne2 e5 10. Qxa8 Bd6 11. Qb7 exd4 12. Qc8+ Ke7 13. Bd2 d3 14. 0-0-0 dxe2 15. Bxe2 Qe6 16. Qb7+ Nd7 17. Rhe1 f5 18. Bb5 Be5 19. Bb4+ Kd8 20. Rxe5 1-0

[Event "Florianopolis op-B 04"]
[Site "Florianopolis"]
[Date "2023.04.29"]
[Round "2"]
[White "Penna, Flavio R Crautchych"]
[Black "Cordioli, Jairo Ribeiro"]
[Result "0-1"]
[WhiteElo "1764"]
[BlackElo "1729"]
[PlyCount "109"]
[EventDate "2023.04.28"]
[EventType "swiss"]
[EventRounds "6"]
[EventCountry "BRA"]
[SourceTitle "CBM 214 Extra"]
[Source "ChessBase"]
[SourceDate "2023.07.31"]
[SourceVersion "1"]
[SourceVersionDate "2023.07.31"]
[SourceQuality "1"]

1. e4 c5 2. Nf3 d6 3. d4 cxd4 4. Nxd4 Nf6 5. Nc3 a6 6. f4 e6 7. Be2 Be7 8. 0-0 0-0 9. Be3 b5 10. a3 Bb7 11. Bf3 Nbd7 12. Nb3 Rc8 13. Qd3 Qc7 14. Kh1 Rfd8 15. Rac1 Nb6 16. Bxb6 Qxb6 17. g4 d5 18. e5 Ne4 19. Qd4 Qxd4 20. Nxd4 Nxc3 21. bxc3 Rxc3 22. f5 Bc5 23. fxe6 Bxd4 24. exf7+ Kf8 25. e6 Ke7 26. Rcd1 Bf6 27. g5 Rxf3 28. Rxf3 Bxg5 29. Rg3 Bf6 30. Re1 Bh4 31. Rxg7 Bxe1 32. f8Q+ Kxf8 33. e7+ Ke8 34. exd8Q+ Kxd8 35. Rxb7 Bf2 36. Rxh7 Bc5 37. Rh3 Kd7 38. Rd3 Ke6 39. Kg2 a5 40. Kf3 a4 41. Rc3 Kd6 42. h4 b4 43. Rd3 bxa3 44. c4 Bb4 45. Rxd5+ Kc6 46. Ke4 a2 47. Rd1 Bc3 48. Kd3 a1Q 49. Rxa1 Bxa1 50. h5 Kc5 51. h6 Kb4 52. Kc2 Kxc4 53. Kb1 Bd4 54. h7 a3 55. Ka2 0-1